000 01297nam a2200313 a 4500
001 000045267
003 DO-SdBNP
005 20250219104747.0
008 150219s1995 dr ac 000 0 spa d
040 _aDO-SdBNP
_bspa
_cBNPHU
082 4 _222
100 1 _aCipriano,
_d1886-1958
_c de Utrera, fray,
_950420
245 1 0 _aSanto Domingo :
_bdilucidaciones históricas I-II /
_cCipriano de Utrera; presentación, Jorge Tena Reyes ; edición e índice, Arístides Incháustegui, Blanca Delgado Malagón.
250 _aPrimera edición
264 _aSanto Domingo :
_bEditora Secretaría de Estado de Educacioón, Bellas Artes y Cultos,
_c1995.
300 _aVolumenes ;
_c23 cm.
336 _atexto
_btxt
_2rdacontent
337 _asin mediación
_bn
_2rdamedia
338 _avolumen
_bnc
_2rdacarrier
500 _aIncluye referencias bibliográficas y notas al pie de las páginas
500 _aPublicaciones del Sesquicentenario de la Independencia Nacional
500 _aIncluye índice onomástico
505 _gI
590 _aInventariado, 2024/BT
700 1 _aTena Reyes, Jorge,
_epersentación
_98252
_4pres.
700 1 _aDelgado Malagón, Blanca,
_eedición e índice
_973295
_4ed.
700 1 _aIncháustegui, Arístides,
_eedición e índice
_973296
_4ed.
942 _2ddc
_cLBS1
999 _c44756
_d44756